<?xml version="1.0" encoding="UTF-8"?>
<collection xmlns="http://www.loc.gov/MARC21/slim">
  <record>
    <leader>00000nam  2200000   4500</leader>
    <controlfield tag="001">INLIS000000000056782</controlfield>
    <controlfield tag="005">20201005102105</controlfield>
    <datafield tag="035" ind1="#" ind2="#">
      <subfield code="a">0010-0920000413</subfield>
    </datafield>
    <controlfield tag="007">ta</controlfield>
    <controlfield tag="008">201005################g##########0#ind##</controlfield>
    <datafield tag="020" ind1="#" ind2="#">
      <subfield code="a">979-95234-3-7</subfield>
    </datafield>
    <datafield tag="082" ind1="#" ind2="#">
      <subfield code="a">306</subfield>
    </datafield>
    <datafield tag="084" ind1="#" ind2="#">
      <subfield code="a">306 CER c</subfield>
    </datafield>
    <datafield tag="245" ind1="#" ind2="#">
      <subfield code="a">Cerlang budaya :</subfield>
      <subfield code="b">Gelar karya untuk Edi Sedyawati /</subfield>
      <subfield code="c">Penyunting, Rahayu S. Hidayat</subfield>
    </datafield>
    <datafield tag="260" ind1="#" ind2="#">
      <subfield code="a">Depok :</subfield>
      <subfield code="b">Pusat Penelitian Kemasyarakatan dan Kebudayaan,</subfield>
      <subfield code="c">1999</subfield>
    </datafield>
    <datafield tag="300" ind1="#" ind2="#">
      <subfield code="a">407 hlm. :</subfield>
      <subfield code="b">ilus. ;</subfield>
      <subfield code="c">20 x 16 cm.</subfield>
    </datafield>
    <datafield tag="700" ind1=" " ind2="#">
      <subfield code="a">Hidayat, Rahayu S.</subfield>
    </datafield>
    <datafield tag="600" ind1="#" ind2="4">
      <subfield code="a">Kebudayaan</subfield>
    </datafield>
    <datafield tag="990" ind1="#" ind2="#">
      <subfield code="a">166.527/Hd-2001</subfield>
    </datafield>
  </record>
</collection>
